|
|
|
|
| LEADER |
01086nam a2200265 a 4500 |
| 001 |
3821174 |
| 008 |
091205s1985 bg b f000 0 eng d |
| 010 |
|
|
|a \\\85902890
|
| 040 |
|
|
|a DLC
|c DLC
|d DLC
|
| 082 |
0 |
0 |
|a 332.1/753/095492
|2 19
|
| 100 |
1 |
|
|a Hossain, Mahabub,
|d 1945-
|
| 245 |
1 |
0 |
|a Credit for the rural poor :
|b the experience of Grameen Bank in Bangladesh /
|c Mahabub Hossain, assisted by M. Salimullah.
|
| 260 |
|
|
|a Dhaka :
|b Bangladesh Institute of Development Studies,
|c 1985.
|
| 300 |
|
|
|a xiii, 136 p. ;
|c 22 cm.
|
| 490 |
1 |
|
|a Research monograph ;
|v no. 4
|
| 504 |
|
|
|a Bibliography: p. [134]-136.
|
| 541 |
1 |
|
|e 00004447
|
| 650 |
|
0 |
|a Bank loans
|z Bangladesh.
|
| 650 |
|
0 |
|a Rural poor
|z Bangladesh.
|
| 610 |
2 |
0 |
|a Grameen Bank.
|
| 700 |
1 |
|
|a Salimullah, M.
|
| 830 |
|
0 |
|a Research monograph (Bangladesh Institute of Development Studies) ;
|v no. 4.
|
| 852 |
4 |
|
|a Ayesha Abed Library
|j General shelf
|
| 999 |
|
|
|c 5918
|d 5918
|
| 952 |
|
|
|0 0
|1 0
|2 ddc
|4 0
|6 332_175309549200000_HOS_1985
|7 0
|9 5905
|a BRACUL
|b BRACUL
|c GEN
|d 2009-12-06
|g 50.00
|l 0
|o 332.1753095492 HOS
|p 3010004447
|r 2009-12-06
|t 1
|w 2009-12-06
|y BK
|